<?xml version="1.0" encoding="UTF-8"?>
<record
    xmlns:xsi="http://www.w3.org/2001/XMLSchema-instance"
    xsi:schemaLocation="http://www.loc.gov/MARC21/slim http://www.loc.gov/standards/marcxml/schema/MARC21slim.xsd"
    xmlns="http://www.loc.gov/MARC21/slim">

  <leader>00863nam a2200205 i 4500</leader>
  <controlfield tag="001">40314</controlfield>
  <controlfield tag="003">ES-MaACL</controlfield>
  <controlfield tag="005">20250620063012.0</controlfield>
  <controlfield tag="007">t|</controlfield>
  <controlfield tag="008">030305s1895    sp           ||||1| spa d</controlfield>
  <datafield tag="100" ind1="1" ind2=" ">
    <subfield code="a">Carrillo Lasso, Alonso, </subfield>
    <subfield code="d">1582-1628</subfield>
    <subfield code="9">35777</subfield>
  </datafield>
  <datafield tag="245" ind1="1" ind2="0">
    <subfield code="a">Caballeriza de C&#xF3;rdoba / </subfield>
    <subfield code="c">Alfonso Carrillo Lasso.</subfield>
  </datafield>
  <datafield tag="250" ind1=" " ind2=" ">
    <subfield code="a">[2&#xAA; ed. Publicala el Excm&#xBA; Se&#xF1;or Marqu&#xE9;s de Xerez de los Caballeros... [Sumario... Varias palabras... Reproducci&#xF3;n de la edici&#xF3;n principe... Equitaci&#xF3;n. Apuntes bibliograficos por D. Jos&#xE9; Maria Nogues].</subfield>
  </datafield>
  <datafield tag="260" ind1=" " ind2=" ">
    <subfield code="a">Madrid : </subfield>
    <subfield code="b">[s.n.], </subfield>
    <subfield code="c">1895.</subfield>
  </datafield>
  <datafield tag="300" ind1=" " ind2=" ">
    <subfield code="a">X p., 3 h., 27, 46 p., 1 h. ; </subfield>
    <subfield code="c">24 cm.</subfield>
  </datafield>
  <datafield tag="700" ind1="1" ind2=" ">
    <subfield code="a">Nogu&#xE9;s, Jos&#xE9; Mar&#xED;a.</subfield>
    <subfield code="9">130515</subfield>
  </datafield>
  <datafield tag="700" ind1="1" ind2=" ">
    <subfield code="a">P&#xE9;rez de Guzm&#xE1;n y Boza, Manuel, </subfield>
    <subfield code="c">Marqu&#xE9;s de Jerez de los Caballeros.</subfield>
    <subfield code="9">128298</subfield>
  </datafield>
  <datafield tag="852" ind1=" " ind2=" ">
    <subfield code="a">ES-MaACL</subfield>
    <subfield code="j">T-957-F-11</subfield>
  </datafield>
  <datafield tag="999" ind1=" " ind2=" ">
    <subfield code="c">40314</subfield>
    <subfield code="d">40314</subfield>
  </datafield>
  <datafield tag="952" ind1=" " ind2=" ">
    <subfield code="0">0</subfield>
    <subfield code="1">0</subfield>
    <subfield code="4">0</subfield>
    <subfield code="7">0</subfield>
    <subfield code="8">Colecci&#xF3;n_de_folletos</subfield>
    <subfield code="a">ATENEOM</subfield>
    <subfield code="b">ATENEOM</subfield>
    <subfield code="c">DEPOF</subfield>
    <subfield code="d">2008-01-17</subfield>
    <subfield code="e">SC</subfield>
    <subfield code="l">0</subfield>
    <subfield code="o">T-957-F-11</subfield>
    <subfield code="p">1042442</subfield>
    <subfield code="r">2023-02-23 00:00:00</subfield>
    <subfield code="w">2023-02-23</subfield>
    <subfield code="y">FOLLETOS</subfield>
  </datafield>
</record>
